Famous People Who Share the Year of Birth/Death - Chain Quiz - Statistics

General Stats
  • This quiz has been taken 61 times
  • The average score is 3 of 9
Answer Stats
% Correct
Michelangelo 6 March 1475 – 18 February 1564 88 years old
100%
William Shakespeare April 1564 – 23 April 1616 52 years old
100%
Kurt Cobain 20 February 1967 – 5 April 1994 27 years old
28%
Che Guevara 14 June 1928 – 9 October 1967 39 years old
26%
Roald Amundsen 16 July 1872 – c. 18 June 1928 55 years old
19%
Samuel Morse 27 April 1791 – 2 April 1872 80 years old
19%
John Wallis 3 December 1616 – 8 November 1703 86 years old
17%
Maluma 28 January 1994 (26 years old)
13%
John Wesley 28 June 1703 – 2 March 1791 87 years old
11%
No matching quizzes found
Score Distribution
Percent of People with Each Score
Percentile by Number Answered
Your Score History
You have not taken this quiz